000 00820nam a2200229Ia 4500
003 GCL
008 140319s9999 xx 000 0 ara d
020 _a342101977
040 _aGCL /
_cGCL
082 0 4 _a670.427
_bم ح
100 1 _aسعد شعبان
245 1 0 _aالحاسب الالكترونى والصناعة /
_cسعد شعبان
700 1 _aمحمد نبهان سويلم
260 _aالقاهرة :
_bالهيئة المصرية العامة للكتاب ،
_c1993
300 _a128ص ؛
_c20سم
490 _aسلسلة العلم والحياة
_v31
650 0 4 _aالحاسبات الالكترونية
650 0 4 _aالتصنيع
650 0 4 _aالحاسبات الالكترونية - صناعة
650 0 4 _aالتصنيع - الحاسبات الالكترونية
942 _2ddc
_cBK
999 _c7469
_d7469